|
|
|
|
| LEADER |
00000cam a2200000 i 4500 |
| 003 |
Ucuenca |
| 005 |
20240320220006.0 |
| 006 |
a||||fr|||| 001 | |
| 007 |
ta |
| 008 |
008070s2008 ec aaaafr |||||||spa a |
| 040 |
|
|
|b spa
|a UCuenca-cdrjbv
|c UCuenca
|e rda
|
| 041 |
1 |
|
|a spa
|
| 082 |
0 |
|
|2 21
|a 616.15
|c 201111
|
| 100 |
1 |
|
|9 91413
|a Piedra Abril, Iván.
|e autor
|
| 245 |
0 |
0 |
|a Guía didáctica de hematología
|c Ivan Priedra Abril.
|
| 264 |
|
1 |
|a Cuenca:
|b Editorial Universidad de Cuenca. Facultad de Ciencias Medicas,
|c 2008.
|
| 300 |
|
|
|a 454 páginas:
|b fot
|c 25 cm
|
| 336 |
|
|
|2 rdacontent
|a texto
|b txt
|
| 337 |
|
|
|2 rdamedia
|a no mediado
|b n
|
| 338 |
|
|
|2 rdacarrier
|a volumen
|b nc
|
| 504 |
|
|
|a incl. ref.
|
| 650 |
1 |
7 |
|a Sangre
|9 34402
|2 UCuenca-cdrjbv
|
| 650 |
1 |
7 |
|a Anemia
|9 4440
|2 UCuenca-cdrjbv
|
| 650 |
1 |
7 |
|a Leucemia
|9 91415
|
| 650 |
1 |
|
|2 UCuenca-cdrjbv
|a Hemofilias
|9 91416
|
| 651 |
|
|
|2 UCuenca-cdrjbv
|
| 852 |
|
|
|a UC-SALUD
|f Donación
|l 1
|m General
|p 20080703
|q 1.00
|t 201111
|b 0
|d CDRS
|e CDRS
|g 616.15
|z 2008-80-70
|
| 942 |
|
|
|c BK
|0 88
|z marlene.quinde@ucuenca.edu.ec
|2 ddc
|r margoth.maza@ucuenca.edu.ec
|
| 999 |
|
|
|c 55352
|d 55352
|